000 00805nam a2200229 a 4500
001 49018
003 BD-RjUL
005 20211209054625.0
008 160817s1968 bg ||||| |||| 00| 0 ben d
020 _cTK:3.00
035 _a(BD-RjUL)49137
040 _aBD-RjUL
_bben
_cBD-RjUL
041 _aben
082 _223
_a891.441
_bSHT 1968
100 _aশিরাজী, সৈয়দ আসাদ উদ্দৌলা
_9147509
245 1 0 _aতূর্যনাদ /
_cসৈয়দ আসাদ উদ্দৌলা শিরাজী
260 _aঢাকা :
_bআদরবার পাবলিকেশনস,
_c১৯৬৮
300 _a৯৬পৃ. ;
_c২২ সেমি.
650 _aবাংলা কবিতা
_9147510
650 _aBengali poetry
_9147511
942 _2ddc
_cBK
999 _c49018
_d49018